Central Library OPAC University of Rajshahi

‏اردو پشتو لغات /‏ / Urdū Pashto lughāt / (Record no. 86416)

MARC details
000 -LEADER
fixed length control field 00620nam a2200193 4500
001 - CONTROL NUMBER
control field 86416
003 - CONTROL NUMBER IDENTIFIER
rucl marc code BD-RjUL
005 - DATE AND TIME OF LATEST TRANSACTION
control field 20260503133552.0
008 - FIXED-LENGTH DATA ELEMENTS--GENERAL INFORMATION
fixed length control field 260503s1970 pk ||||| |||| 00| 0 urd d
035 ## - SYSTEM CONTROL NUMBER
System control number (BD-RjUL)86416
040 ## - CATALOGING SOURCE
Original cataloging agency BD-RjUL
Language of cataloging eng
Transcribing agency BD-RjUL
082 ## - DEWEY DECIMAL CLASSIFICATION NUMBER
Edition number 23
Classification number 491.439143
Author mark and year ANU 1970
100 ## - MAIN ENTRY--PERSONAL NAME
Personal name انوار الحق، سید ;; Anwarul Haq, Syed
9 (RLIN) 18306
245 ## - TITLE STATEMENT
Title ‏اردو پشتو لغات /‏ / Urdū Pashto lughāt /
Statement of responsibility, etc. سید انوار الحق ;; Syed Anwarul Haq
260 ## - PUBLICATION, DISTRIBUTION, ETC. (IMPRINT)
Place of publication, distribution, etc. Lahore :
Name of publisher, distributor, etc. Markaji urdu board,
Date of publication, distribution, etc. 1970
300 ## - PHYSICAL DESCRIPTION
Pagination V. ;
Size 22 cm
505 ## - FORMATTED CONTENTS NOTE
Title Vol. 1. ا-ڈ
942 ## - ADDED ENTRY ELEMENTS (KOHA)
Source of classification or shelving scheme Dewey Decimal Classification
Koha item type Reference
Holdings
Lost status Source of classification or shelving scheme Damaged status Not for loan Collection code Permanent Location Current Location Shelving location Date acquired Cost, normal purchase price Total Checkouts Full call number Date last seen Copy number Koha item type
  Dewey Decimal Classification   Not For Loan Reference Central Library, University of Rajshahi Central Library, University of Rajshahi Rare Book Section 03/05/2026 19.00   U / R 491.439143 ANU V-1 1970 03/05/2026 C-1 Books